000 01905nam0a2200349 4500
001 RU\NLR\bibl\1735154
005 20250616081218.0
021 _aRU
_b2011-2580
_9173
035 _a(NLR Aleph) 001726088
090 _a1370120
_c1370120
100 _a20110211d2011 |||y0rusy50 ca
101 0 _arus
102 _aRU
105 _ay |||||||||
200 1 _aСоставление процессуальных и судебных документов в гражданском и арбитражном процессах
_eучебное пособие
_fА.В. Вишневский
_gГос. образоват. учреждение высш. проф. образования Рос. акад. правосудия
210 _aМосква
_cРИОР [и др.]
_d2011
215 _a78, [1] с.
_d21
225 1 _aВысшее образование
300 _aНа обороте тит. л. авт.: Вишневский А.В., преп., гос. советник юстиции Рос. Федерации 1 кл.
320 _aБиблиогр.: с. 78-79 и в подстроч. примеч.
606 1 _aГражданский процесс
_jУчебные издания для высших учебных заведений
_xДокументация
_yРоссийская Федерация
_92166353
_3RU\NLR\auth\661303439
606 1 _aАрбитражный процесс
_jУчебные издания для высших учебных заведений
_xДокументация
_yРоссийская Федерация
_92166357
_3RU\NLR\auth\661303441
686 _aХ629.2я73
686 _aХ629.221я73
700 1 _aВишневский
_bА. В.
_gАндрей Владимирович
_4070
801 0 _aRU
_bNLR
_c20110211
_gRCR
801 1 _aRU
_bNLR
_c20110211
830 _aавт. по кн.
942 _cBOOK
980 _aNB
980 _aNBR